Normal view
MARC view
Entry Geographic Name
001 - CONTROL NUMBER
- control field: 2258
003 - CONTROL NUMBER IDENTIFIER
- control field: BD-RjUL
005 - DATE AND TIME OF LATEST TRANSACTION
- control field: 20220404141354.0
008 - FIXED-LENGTH DATA ELEMENTS
- fixed length control field: 220404|| aca||aabn | a|a d
040 ## - CATALOGING SOURCE
- Original cataloging agency: BD-RjUL
- Transcribing agency: BD-RjUL
151 ## - HEADING--GEOGRAPHIC NAME
- Geographic name: Baladesh Chhatra League
- General subdivision: Political Activities
- General subdivision: History
670 ## - SOURCE DATA FOUND
- Source citation: Work cat.: (BD-RjUL)79664: হোসাইন, এস এম জাকির 2252, আন্দোলন-সংগ্রামে বাংলাদেশ ছাত্রলীগ / , ২০১৭